00281 a2200121 4500001000700000020001800007040003500025100003800060240002300098245001800121300001100139362000900150156879 a9788532298324 cEscola São Tomás de Aquino aRODRIGUES, Joelza Ester Domingues10aProjeto Athoslpor10aProjeto Athos a256 p.0 a2014